Bangaranga - Dara (Full Lyrics) - Statistics

General Stats
  • This quiz has been taken 54 times
  • The average score is 263 of 323
Answer Stats
Lyric % Correct
bangarang-)
100%
bangarang-
100%
(I,
98%
I,
98%
I)
98%
(I
98%
I
98%
a
96%
the
96%
(I'm
93%
I'm
93%
Bangaranga,
91%
bangaranga,
91%
bangaranga
91%
(Bangaranga,
91%
bangaranga)
91%
bangaranga;
91%
you
91%
you,
91%
to
89%
an
87%
me
87%
Welcome
87%
No
83%
no
83%
on
83%
on,
83%
light
80%
blindin'
78%
Blindin'
78%
riot
78%
Come
76%
gon'
76%
gonna
76%
lights
76%
up,
76%
up
76%
Let
74%
let
74%
sleep
74%
tonight
74%
alive
72%
demon,
70%
my
70%
angel,
67%
one's
67%
so
67%
for
65%
hype
65%
mover,
65%
mover
65%
(Mover)
65%
psycho
65%
Surrender
63%
reason
61%
don't
54%
follow,
54%
in
54%
it
54%
leader
54%
leave
52%
lose
50%
ya,
50%
ya
50%
mind,
48%
mind
48%
get
46%
I'ma,
46%
I'ma
46%
shook
46%
teaser,
46%
and
43%
freedom
43%
Bodies
41%
bodies
41%
can
41%
danger
41%
(Danger)
41%
'bout
39%
feel
39%
hooked,
37%
inside
37%
fly
35%
rebel
35%
(Rebel),
35%
deep,
33%
edge,
33%
Close
30%
Yeah,
30%
pull
28%
sparks
28%
weak
24%
know)
20%
(Ooh)
15%
No matching quizzes found
Score Distribution
Percent of People with Each Score
Percentile by Number Answered
Your Score History
You have not taken this quiz